[Event "GER-ch 2012-E-V1 serv"]
[Site "GER email"]
[Date "2012.10.08"]
[Round "?"]
[White "Winkler, Eberhard"]
[Black "Mathias, Manfred"]
[Result "0-1"]
[WhiteElo "1388"]
[BlackElo "2081"]
[PlyCount "32"]
[EventDate "2012.10.08"]
[EventType "tourn (corr)"]
[EventRounds "6"]
[EventCountry "GER"]
[SourceTitle "Corr 2015"]
[Source "ChessBase"]
[SourceDate "2015.07.17"]
[SourceVersion "1"]
[SourceVersionDate "2015.07.17"]
[SourceQuality "1"]

1. e4 c5 2. Nf3 Nc6 3. d4 cxd4 4. Nxd4 g6 5. c4 Nf6 6. Nxc6 bxc6 7. Nc3 Qa5 8. Bd2 Bg7 9. Bd3 0-0 10. Nd5 Qd8 11. Nc3 d5 12. cxd5 cxd5 13. exd5 Rb8 14. Rb1 Nxd5 15. Qc2 Nb4 16. Qd1 Nxd3+ 0-1

[Event "GER-ch 2012-E-V1 serv"]
[Site "GER email"]
[Date "2012.??.??"]
[Round "?"]
[White "Winkler, Eberhard"]
[Black "Gebhardt, Ulrich"]
[Result "0-1"]
[WhiteElo "1388"]
[BlackElo "1894"]
[PlyCount "88"]
[EventDate "2012.10.08"]
[EventType "tourn (corr)"]
[EventRounds "6"]
[EventCountry "GER"]
[SourceTitle "Corr 2015"]
[Source "ChessBase"]
[SourceDate "2015.07.17"]
[SourceVersion "1"]
[SourceVersionDate "2015.07.17"]
[SourceQuality "1"]

1. e4 c6 2. d4 d5 3. exd5 cxd5 4. Bd3 Nc6 5. c3 Nf6 6. Bf4 Bg4 7. Qb3 Na5 8. Qa4+ Bd7 9. Qc2 Qb6 10. Nd2 Bb5 11. Bxb5+ Qxb5 12. a4 Qb6 13. b4 Nc4 14. Nxc4 dxc4 15. Nf3 Nd5 16. Bd2 Qe6+ 17. Kd1 Qg4 18. Rg1 e6 19. h3 Qh5 20. Qe4 Bd6 21. Kc2 a5 22. b5 0-0 23. Qg4 Qxg4 24. hxg4 f6 25. Rae1 Rae8 26. Re2 g5 27. Rge1 Kf7 28. g3 Nb6 29. Ra1 Rh8 30. Be3 h5 31. gxh5 Rxh5 32. Ree1 Reh8 33. Rf1 Bc7 34. Kb2 g4 35. Nh4 Nd5 36. Bd2 f5 37. Rae1 Nf6 38. Ng2 Rh2 39. Nf4 Ne4 40. Be3 Nxg3 41. Rg1 Bxf4 42. Bxf4 Rxf2+ 43. Kb1 Ne4 44. Be3 Nxc3+ 0-1